000
00312nam a2200121Ia 4500
008
220204s9999 xx 000 0 und d
082
_a
633.88(031)
_b
KAD
100
_a
Kadans, Joseph M
245
0
_a
Encyclopedia of medicinal herbs
260
_a
New York
_b
Parker
_c
1979
650
_a
Medicinal herbs
942
_c
BK
999
_c
39548
_d
39548